Konsep elastisitas fatwa menurut Ibnu Qayyim al-Jauziyyah /
محفوظ في:
| المؤلف الرئيسي: | |
|---|---|
| التنسيق: | أطروحة |
| اللغة: | Indonesian |
| منشور في: |
Jakarta :
Universitas Islam Negeri (UIN) Syarif Hidayatullah,
2007
|
| الموضوعات: | |
| الوسوم: |
إضافة وسم
لا توجد وسوم, كن أول من يضع وسما على هذه التسجيلة!
|
| LEADER | 014750000a22003250004500 | ||
|---|---|---|---|
| 001 | 485756 | ||
| 005 | 20230419151826.0 | ||
| 008 | 101019t2007 io g m 000 0 ind d | ||
| 035 | |a (Sirsi) 485756 | ||
| 040 | |a UIAM |b eng |e rda | ||
| 041 | |a ind | ||
| 043 | |a a-io-- | ||
| 050 | |a BP145.42 | ||
| 100 | 1 | |a Nur Hendra, Ica Purba, |e author |9 90609 | |
| 245 | 1 | 0 | |a Konsep elastisitas fatwa menurut Ibnu Qayyim al-Jauziyyah / |c oleh Ica Purba Nur Hendra |
| 264 | 1 | |a Jakarta : |b Universitas Islam Negeri (UIN) Syarif Hidayatullah, |c 2007 | |
| 300 | |a viii, 170 leaves ; |c 30 cm. | ||
| 336 | |2 rdacontent |a text | ||
| 337 | |2 rdamedia |a unmediated | ||
| 338 | |2 rdacarrier |a volume | ||
| 500 | |a "Disertasi diajukan sebagai salah satu syarat untuk memeperoleh Gelar Doktor dalam bidang Ilmu Agama Islam pada Program Pascasarjana Universitas Islam Negeri (UIN) Syariff Hidayatullah Jakarta."--On title page. | ||
| 502 | |a Tesis (Ph. D)--Universitas Islam Negeri Syariff Hidayatullah Jakarta, 2004. | ||
| 504 | |a Includes bibliographical references (leaves 165-170) | ||
| 600 | 1 | 0 | |a Ibn Qayyim al-Jawziyah, Muhammad ibn Abi Bakr, |d 1292-1350 |x Contributions in Islamic law |9 90610 |
| 650 | 0 | |a Fatwas |x Methodology |9 16830 | |
| 655 | 0 | |a Theses, non-IIUM | |
| 900 | |a hj to zhmn-naw | ||
| 942 | |2 lcc |n 0 | ||
| 999 | |c 433973 |d 465277 | ||
| 952 | |0 0 |6 TI BP 145.42 N974K 2007 |7 0 |8 THESES |9 752657 |a IIUM |b IIUM |c MULTIMEDIA |g 191.20 |o ti BP 145.42 N974K 2007 |p 00011169788 |r 2017-10-23 |t 1 |v 191.20 |y THESIS | ||
